[Event "SLO-chT3 West"]
[Site "Komenda"]
[Date "2019.12.07"]
[Round "2.2"]
[White "Hocevar, Nick"]
[Black "Brgan, Niko"]
[Result "0-1"]
[WhiteElo "1069"]
[BlackElo "1758"]
[PlyCount "38"]
[EventDate "2019.12.06"]
[EventType "team-swiss"]
[EventRounds "5"]
[EventCountry "SLO"]
[SourceTitle "EXT 2024"]
[Source "ChessBase"]
[SourceDate "2023.10.10"]
[SourceVersion "1"]
[SourceVersionDate "2023.10.10"]
[SourceQuality "1"]
[WhiteTeam "Postojna"]
[BlackTeam "Stari Trg ob Kolpi"]
[WhiteTeamCountry "SLO"]
[BlackTeamCountry "SLO"]

1. e4 e5 2. Nf3 Nc6 3. Bc4 Bc5 4. d3 d6 5. Ng5 Nh6 6. Qf3 Qe7 7. Nc3 Nd4 8. Qd1 c6 9. Be3 b5 10. Bb3 Nxb3 11. axb3 Bxe3 12. Nxf7 Bxf2+ 13. Kxf2 0-0 14. Ke1 Rxf7 15. d4 Bg4 16. Qd3 Raf8 17. d5 b4 18. Na4 Qf6 19. dxc6 Qf2# 0-1

[Event "Otocec Krka Terme op"]
[Site "Otocec"]
[Date "2018.12.28"]
[Round "7"]
[White "Hocevar, Nick"]
[Black "Marinc, Primoz"]
[Result "0-1"]
[WhiteElo "1133"]
[BlackElo "1349"]
[PlyCount "106"]
[EventDate "2018.12.25"]
[EventType "swiss"]
[EventRounds "9"]
[EventCountry "SLO"]
[SourceTitle "EXT 2020"]
[Source "ChessBase"]
[SourceDate "2019.10.17"]
[SourceVersion "1"]
[SourceVersionDate "2019.10.17"]
[SourceQuality "1"]

1. d4 d5 2. Nc3 e6 3. a3 Nf6 4. Bf4 a6 5. Nf3 Nbd7 6. e3 b6 7. Bd3 Bb7 8. Qe2 Be7 9. e4 dxe4 10. Nxe4 Nxe4 11. Bxe4 Bxe4 12. Qxe4 c5 13. dxc5 Bxc5 14. Rd1 Qc8 15. Ne5 Nxe5 16. Bxe5 0-0 17. 0-0 Rd8 18. Qg4 Bf8 19. Bc3 Qc7 20. Rfe1 g6 21. g3 Bg7 22. Bxg7 Kxg7 23. Qe2 a5 24. c3 Rac8 25. Rxd8 Rxd8 26. Qe5+ Qxe5 27. Rxe5 Rd5 28. Rxd5 exd5 29. Kf1 Kf6 30. Ke2 Ke5 31. Ke3 g5 32. f4+ gxf4+ 33. gxf4+ Kf5 34. Kf3 a4 35. Ke3 Kg4 36. Kd4 Kxf4 37. Kxd5 f5 38. c4 Ke3 39. Kc6 Kd4 40. Kd6 f4 41. b4 axb3 42. c5 bxc5 43. a4 b2 44. a5 b1Q 45. Kc6 Qb8 46. a6 Qa7 47. Kb5 Qxa6+ 48. Kxa6 f3 49. Kb5 f2 50. Ka4 f1Q 51. Kb3 Qc1 52. h4 Qc3+ 53. Ka4 Qb4# 0-1